<?xml version="1.0" encoding="UTF-8"?>
<record
    xmlns:xsi="http://www.w3.org/2001/XMLSchema-instance"
    xsi:schemaLocation="http://www.loc.gov/MARC21/slim http://www.loc.gov/standards/marcxml/schema/MARC21slim.xsd"
    xmlns="http://www.loc.gov/MARC21/slim">

  <leader>00819nam a2200241Ia 4500</leader>
  <controlfield tag="003">IN-BaIIA</controlfield>
  <controlfield tag="008">211028s9999    xx            000 0 eng d</controlfield>
  <datafield tag="020" ind1=" " ind2=" ">
    <subfield code="a">92-9092-772-0</subfield>
  </datafield>
  <datafield tag="040" ind1=" " ind2=" ">
    <subfield code="c">IIA Library</subfield>
  </datafield>
  <datafield tag="080" ind1=" " ind2=" ">
    <subfield code="a">523.942(082.2)</subfield>
    <subfield code="b">SUB</subfield>
  </datafield>
  <datafield tag="111" ind1=" " ind2=" ">
    <subfield code="a">International Conference on Substorms</subfield>
    <subfield code="n">5th</subfield>
    <subfield code="c">St.Peterburg, Russia</subfield>
    <subfield code="d">2000 May 16-20</subfield>
    <subfield code="9">25874</subfield>
  </datafield>
  <datafield tag="245" ind1=" " ind2="0">
    <subfield code="a">Substorms</subfield>
    <subfield code="b">proceedings of fifth international conference on substorms held in St.Peterburg, Russia, May 16-20, 2000</subfield>
    <subfield code="c">edited by A. Wilson</subfield>
  </datafield>
  <datafield tag="260" ind1=" " ind2=" ">
    <subfield code="a">Noordwijk</subfield>
    <subfield code="b">European Space Agency</subfield>
    <subfield code="c">2000</subfield>
  </datafield>
  <datafield tag="300" ind1=" " ind2=" ">
    <subfield code="a">xii, 626p.</subfield>
  </datafield>
  <datafield tag="490" ind1=" " ind2=" ">
    <subfield code="a">ESA SP-443</subfield>
  </datafield>
  <datafield tag="650" ind1=" " ind2=" ">
    <subfield code="a">Magnetic storm</subfield>
    <subfield code="9">25875</subfield>
  </datafield>
  <datafield tag="650" ind1=" " ind2=" ">
    <subfield code="a">Radar observations</subfield>
    <subfield code="9">25876</subfield>
  </datafield>
  <datafield tag="650" ind1=" " ind2=" ">
    <subfield code="a">Solar system</subfield>
  </datafield>
  <datafield tag="650" ind1=" " ind2=" ">
    <subfield code="a">SP-443</subfield>
    <subfield code="9">25877</subfield>
  </datafield>
  <datafield tag="650" ind1=" " ind2=" ">
    <subfield code="a">Substorm physics</subfield>
    <subfield code="9">25878</subfield>
  </datafield>
  <datafield tag="700" ind1=" " ind2=" ">
    <subfield code="a">Wilson, A., ed.</subfield>
  </datafield>
  <datafield tag="942" ind1=" " ind2=" ">
    <subfield code="c">BK</subfield>
  </datafield>
  <datafield tag="999" ind1=" " ind2=" ">
    <subfield code="c">14554</subfield>
    <subfield code="d">14554</subfield>
  </datafield>
  <datafield tag="952" ind1=" " ind2=" ">
    <subfield code="0">0</subfield>
    <subfield code="1">0</subfield>
    <subfield code="4">0</subfield>
    <subfield code="7">0</subfield>
    <subfield code="a">BAN</subfield>
    <subfield code="b">BAN</subfield>
    <subfield code="c">GEN</subfield>
    <subfield code="d">2002-04-05</subfield>
    <subfield code="l">0</subfield>
    <subfield code="o">523.942(082.2)/ SUB</subfield>
    <subfield code="p">15476</subfield>
    <subfield code="r">2021-11-05</subfield>
    <subfield code="w">2002-04-05</subfield>
    <subfield code="y">BK</subfield>
    <subfield code="G">&#x20AC; 60.00</subfield>
  </datafield>
</record>
